000 00773nam a2200229Ia 4500
005 20241129111415.0
008 241129s9999||||xx |||||||||||||| ||und||
020 _a978-93-85450-04-4
037 _aTB
040 _aCRL
_bhin
_cCRL
041 _ahin
_2hin
084 _aO152,1NJAx R3
_qCRL
100 _aजायसवाल, दीपक, ले.
245 0 _aकविता में उतरते हुए
_cजायसवाल, दीपक, ले.
260 _aदिल्ली, भारत
_bअनन्य प्रकाशन
_c2023
300 _a213पृ0
365 _aINR
_b495
546 _aTranslated from Bengali to Hindi
650 _aHindi literaturePoetry
942 _cTB
_hO152,1NJAx R3
999 _c1230327
_d1230327